The behavioral sciences today

Saved in:
Bibliografiske detaljer
Hovedforfatter: Berelson, Bernard (Author)
Format: Bog
Sprog:engelsk
Udgivet: Nueva York Basic Books 1963
Fag:
Tags: Tilføj Tag
Ingen Tags, Vær først til at tagge denne postø!

MARC

LEADER 00000nam a2200000 a 4500
001 UCQ0320
003 CL-VaPUC
008 980627e19630000US |||||||||||||||||eng|d
082 0 4 |a 300  |b BER  |2 21 
100 0 |a Berelson, Bernard  |e author  |9 413540 
245 1 4 |a The behavioral sciences today 
300 |a 278 p 
942 |c BK 
945 |d 19980627 00:00:00  |a crobeson 
260 |a Nueva York  |b Basic Books  |c 1963 
650 7 |a CIENCIAS DEL COMPORTAMIENTO  |2 CL-VaPUC  |9 413541 
650 0 |a Ciencias sociales   |9 256351 
650 0 |a Antropología   |9 233030 
650 0 |a Psicología   |9 257863 
650 0 |a Sociología   |9 255410 
650 0 |a Neuropsicología  |9 270837 
650 0 |a Lingüística  |9 265068 
583 |a last modification  |c 19980627 00:00:00  |k Rodrigo Vera 
999 |c 271459  |d 271457 
952 |0 0  |1 0  |4 0  |6 300_000000000000000_BER_1963  |7 0  |8 P  |9 306115  |a BIBENE  |b BIBENE  |d 2019-11-20  |i 142369K  |o 300 BER 1963  |p 142369K  |r 2025-01-15  |w 2019-11-20  |y BK  |k ICO